States larger than the UK Quiz Stats

 Plays Quiz not verified by Sporcle

Challenge
Share
Tweet
Embed
Score 0/11 Timer 02:00
0 Plays Today
Size (square miles) State % Correct
268 601Texas
96.4%
163 707California
94.9%
656 425Alaska
93.1%
114 006Arizona
80.3%
147 046Montana
80%
121 593New Mexico
79.7%
110 567Nevada
77.3%
104 100Colorado
74.9%
97 818Wyoming
74.9%
98 386Oregon
69.3%
96 716Michigan
24.2%

You're not logged in!

Compare scores with friends on all Sporcle quizzes.
OR
Log In

You Might Also Like...

Show Comments

Extras

Top Quizzes Today


Score Distribution

Your Account Isn't Verified!

In order to create a playlist on Sporcle, you need to verify the email address you used during registration. Go to your Sporcle Settings to finish the process.

Report this User

Report this user for behavior that violates our Community Guidelines.

Details: